Great expectations : a twenty-first-century adaptation : based on the novel by Charles Dickens /

Catapulting Dicken's beloved characters into the 21st century, Tom Crowley's adaption captures all the humor, humanity and adventure of the original with its timeless themes of unrequited love, the divide between the rich and the poor, and what it means to be a 'good.' This editi...

Full description

Bibliographic Details
Main Author: Crowley, Tom, 1988- (Author)
Other Authors: Dickens, Charles, 1812-1870
Format: Book
Language:English
Published: London ; New York : Bloomsbury Methuen Drama, an imprint of Bloomsbury Publishing Plc, [2017]
Series:Methuen modern plays.
Subjects:

MARC

Tag First Indicator Second Indicator Subfields
LEADER 00000cam a2200000Ii 4500
001 in00004056821
005 20190422105238.0
008 171204t20172017enkc 000 ddeng d
010 |a  2017486849  |z  2017055483 
020 |a 135007344X 
020 |a 9781350073449 
035 |a (OCoLC)on1013738073 
040 |a YDX  |b eng  |e rda  |c YDX  |d CDX  |d OCLCF  |d UAB  |d IND  |d OCLCA  |d DLC  |d UtOrBLW 
043 |a e-uk-en 
049 |a TXAM 
050 4 |a PR6103.R6878  |b G74 2017 
082 0 |a 822/.92  |2 23 
100 1 |a Crowley, Tom,  |d 1988-  |e author.  |0 http://id.loc.gov/authorities/names/n2017074528 
245 1 0 |a Great expectations :  |b a twenty-first-century adaptation : based on the novel by Charles Dickens /  |c Tom Crowley. 
264 1 |a London ;  |a New York :  |b Bloomsbury Methuen Drama, an imprint of Bloomsbury Publishing Plc,  |c [2017] 
264 4 |c ©2017 
300 |a 107 pages :  |b portraits ;  |c 20 cm. 
336 |a text  |b txt  |2 rdacontent 
337 |a unmediated  |b n  |2 rdamedia 
338 |a volume  |b nc  |2 rdacarrier 
490 1 |a Modern plays 
520 |a Catapulting Dicken's beloved characters into the 21st century, Tom Crowley's adaption captures all the humor, humanity and adventure of the original with its timeless themes of unrequited love, the divide between the rich and the poor, and what it means to be a 'good.' This edition was published to coincide the world premiere at the Old Red Lion, London in December 2017. 
651 0 |a England  |v Drama.  |0 http://id.loc.gov/authorities/subjects/sh2008114926 
700 1 2 |a Dickens, Charles,  |d 1812-1870.  |t Great expectations.  |0 http://id.loc.gov/authorities/names/n85191001 
830 0 |a Methuen modern plays.  |0 http://id.loc.gov/authorities/names/n83732575 
945 |b 887100 
947 |a A14850869687 
948 |a cataloged  |b h  |c 2019/2/28  |d c  |e dmitchel  |f 11:10:20 am 
994 |a 92  |b TXA 
999 f f |s 33404298-3078-3231-b914-3e5814b977d4  |i ac76b932-0130-3667-84bb-798128369434  |t 0 
952 f f |p normal  |a Texas A&M University  |b College Station  |c Sterling C. Evans Library  |d Evans: Library Stacks  |t 0  |e PR6103.R6878 G74 2017  |h Library of Congress classification  |i unmediated -- volume  |m A14850869687 
998 f f |a PR6103.R6878 G74 2017  |t 0  |l Evans: Library Stacks